Normal view
MARC view
- KIPPING, DAVID
Entry Personal Name
001 - CONTROL NUMBER
- control field: 67418
003 - CONTROL NUMBER IDENTIFIER
- control field: NUST
005 - DATE AND TIME OF LATEST TRANSACTION
- control field: 20210628203822.0
008 - FIXED-LENGTH DATA ELEMENTS
- fixed length control field: 210628|| aca||aabn | a|a d
040 ## - CATALOGING SOURCE
- Original cataloging agency: NUST
- Transcribing agency: NUST
100 ## - HEADING--PERSONAL NAME
- Personal name: KIPPING, DAVID
670 ## - SOURCE DATA FOUND
- Source citation: Work cat.: (NUST): KIPPING, DAVID, MIGRATING TO WINDOWS 95 , A PROGRAMMERS GUIDE TO WIN 32 APPLICATION FOR THE NEW GENERATION OF WINDOWS, 1996
